000 00883nam a2200265Ia 4500
003 OSt
005 20220926015446.0
006 a|||||r|||| 00| 0
007 ta
008 220923b |||||||| |||| 00| 0 eng d
020 _a1403946280
_c4676.10
037 _b20977, 15/06/2006, Segment Book Distrobutors
_cGeneral Book
040 _aRTL
_cRTL
_beng
041 _2eng
_aeng
082 _aY9(L:5191), P5
100 _aTercier John Anthony
_9322364
245 0 _aContemporary deathbed
_b The ultimate rush
260 _aNew York
_bPalgrave Macmillan
_c2005
300 _axi, 295p
_ccm.
490 _aLanguage, discourse, society
500 _aBibliography: P 263-80
650 _aMedical Sociology Death
_9322365
942 _hY9(L:5191), P5
_cGB
_2CC
999 _c631615
_d631615